000 00608nam a22002177a 4500
003 UA-OsUOA
001 77190
007 ta
008 20110902b un ||||| |||| 00| 0 ukr d
090 _a(038) 341
_bС48
942 _cBK
040 _aUA-OsUOA
_brus
_cUA-OsUOA
_dUA-OsUOA
245 _aСловарь международного права
_cотв. ред. Б.М.Клименко
300 _a248 с.
955 _a2
041 _arus
080 _a(038) 341
260 _aМ.
_bМеждунар. отношения
_c1982
650 7 _a341 Міжнародне право
_2UDC
999 _c363497
_d363497